| 000 | 00923cam a22002893a 4500 | ||
|---|---|---|---|
| 001 | 16452 | ||
| 003 | PGUSA | ||
| 005 | 20140828083342.0 | ||
| 008 | 050805s2005||||xxu|||||s|||||000 p eng d | ||
| 040 |
_aPGUSA _beng |
||
| 042 | _adc | ||
| 050 | 4 | _aPA | |
| 100 | 1 |
_aHomer, _d-750--650 |
|
| 245 | 1 | 4 |
_aThe Iliad of Homer : _bTranslated into English Blank Verse by William Cowper _h[electronic resource] / _cHomer |
| 260 |
_bProject Gutenberg, _c2005 |
||
| 506 | _aPublic domain in the USA. | ||
| 516 | _aElectronic text | ||
| 653 | _aTrojan War -- Poetry | ||
| 653 | _aEpic poetry, Greek -- Translations into English | ||
| 653 | _aAchilles (Greek mythology) -- Poetry | ||
| 700 | 1 |
_aSouthey, Robert, _d1774-1843 |
|
| 700 | 1 |
_aCowper, William, _d1731-1800 |
|
| 700 | 1 |
_aDwight, M. A. _q(Mary Ann), _d1806-1858 |
|
| 830 | 0 |
_aProject Gutenberg _v16452 |
|
| 856 | 4 | 0 | _uhttp://www.gutenberg.org/ebooks/16452 |
| 942 | _cEB | ||
| 999 |
_c245707 _d245707 |
||